Information Resource Management: A Records Systems Approach (Record no. 1498)
[ view plain ]
| 005 - DATE AND TIME OF LATEST TRANSACTION | |
|---|---|
| control field | 20250416074015.0 |
| 020 ## - INTERNATIONAL STANDARD BOOK NUMBER | |
| International Standard Book Number | 0-538-07511-2 |
| 082 ## - DEWEY DECIMAL CLASSIFICATION NUMBER | |
| Classification number | 651.84 RIC |
| 100 ## - MAIN ENTRY--PERSONAL NAME | |
| Author name | RICKS, B. R . |
| 245 ## - TITLE STATEMENT | |
| Title | Information Resource Management: A Records Systems Approach |
| 250 ## - EDITION STATEMENT | |
| Edition statement | 2nd Ed |
| 260 ## - PUBLICATION, DISTRIBUTION, ETC. | |
| Place of publication, distribution, etc. | Cincinnati , |
| Name of publisher, distributor, etc. | South- Western publishing co., |
| Date of publication, distribution, etc. | 1988 |
| 300 ## - PHYSICAL DESCRIPTION | |
| Extent | xiii8, 654p.: ill.; picture, |
| Other physical details | glossary & index, |
| Dimensions | 24cm. |
| 700 ## - ADDED ENTRY--PERSONAL NAME | |
| Other authors/Editors | GOW, K . F. |
| 942 ## - ADDED ENTRY ELEMENTS (KOHA) | |
| Source of classification or shelving scheme | Dewey Decimal Classification |
| Koha item type | Books |
| Date last seen | Total checkouts | Full call number | Barcode | Cost, replacement price | Price effective from | Koha item type | Lost status | Source of classification or shelving scheme | Damaged status | Not for loan | Withdrawn status | Home library | Current library | Shelving location | Date acquired | Cost, normal purchase price |
|---|---|---|---|---|---|---|---|---|---|---|---|---|---|---|---|---|
| 04/16/2025 | 651.84 RIC | 0000005594 | 450000.00 | 04/16/2025 | Books | Dewey Decimal Classification | College of Business Education Main Library | College of Business Education Main Library | General Collection | 04/16/2025 | 150000.00 |
